Los profesores y el saber didáctico

Saved in:
Main Author: Camilloni, Alicia W. de, 1936-
Format: Book Chapter
Language:Spanish
Online Access:Para solicitar el texto accesible haga click aquí (sólo para personas con discapacidad)
LEADER 01066naa a22002174a 4500
003 AR-BeUNQ
005 20251216092425.0
007 ta
008 251216s2007 ag 000 0 spa d
999 |c 39911  |d 123711 
040 |a AR-BeUNQ  |b spa  |c AR-BeUNQ  |e aacr 
100 1 |9 1280  |a Camilloni, Alicia W. de,  |d 1936- 
245 1 1 |a Los profesores y el saber didáctico  |h [recurso electrónico] /  |c Alicia R. W. de Camilloni. 
256 |a Datos electrónicos (1 archivo doc) 
300 |a recurso electrónico 
500 |a Material digital editado con un formato accesible para uso exclusivo de personas con discapacidad. 
538 |a Requerimientos del material: Procesador de textos y un lector de pantalla. 
594 |a Touris, Cecilia   |b LICENCIATURA EN EDUCACIÓN  |c DIDÁCTICA DE LAS CIENCIAS SOCIALES  |d 2025 
773 |a Camilloni, Alicia W. de  |t El saber didáctico.  |d Buenos Aires : Paidos, 2007  |g Cap. 3, p. 41-60 
856 |z Para solicitar el texto accesible haga click aquí (sólo para personas con discapacidad)  |u https://biblio.unq.edu.ar/consulte/index.php?a=add 
942 |c TA